| 000 | 00738nam a2200241 a 4500 | ||
|---|---|---|---|
| 008 | |||
| 020 | _a0750644524 (hbk.) | ||
| 049 | _aMAIN | ||
| 090 |
_aREF TS184 _bPLA |
||
| 245 | 0 | 0 |
_aPlant engineers' reference book / _cedited by Dennis A. Snow. |
| 250 | _a2nd ed. | ||
| 260 |
_aLondon : _bButterworth-Heinemann, _c2002. |
||
| 300 |
_a1 v. (various pagings) : _bill. ; _c26 cm. |
||
| 504 | _aIncludes bibliographical references. | ||
| 500 | _aIncludes index. | ||
| 650 | 0 |
_aPlant engineering _xHandbooks, manuals, etc. |
|
| 700 | 1 | _aSnow, Dennis A. | |
| 907 |
_a.b10121316 _b27-06-22 _c10-05-04 |
||
| 003 | |||
| 005 | 20230120191410.0 | ||
| 040 | _cNUST | ||
| 942 |
_cBOOKS _kREF TS184 _mPLA |
||
| 999 |
_c100438 _d100438 |
||